| 000 | 00407nam a2200181Ia 4500 | ||
|---|---|---|---|
| 003 | 0STCL | ||
| 008 | 150530s9999 xx 000 0 und d | ||
| 040 |
_aSTCL _cSTCL |
||
| 100 | _aParameswaran Pilla,M. | ||
| 245 | _aPaschathya Hasya Sahitya Charitham | ||
| 250 | _a1 | ||
| 260 |
_bAuthor _c1973 |
||
| 300 | _a0 | ||
| 546 | _aMalayalam | ||
| 942 |
_2ddc _cBK |
||
| 999 |
_c81364 _d81364 |
||
| 005 | 20220125171800.0 | ||